”Du gamla, du fria” - Text - Statistics

General Stats
  • This quiz has been taken 1 952 times
  • The average score is 91 of 157
Answer Stats
Ord % Correct
Du
100%
du
100%
fria,
99%
gamla,
99%
nord
95%
Ja,
91%
Jag
89%
jag
89%
tysta,
88%
sköna!
86%
fjällhöga
85%
i
84%
83%
glädjerika
83%
vill
82%
leva
81%
Norden.
81%
jord,
76%
var.
74%
den
73%
Din
73%
din
73%
land
73%
land,
73%
himmel,
71%
Dig,
70%
dig
70%
Dig
70%
gröna.
69%
är
68%
för
68%
och
68%
68%
sol,
68%
Dina
66%
hälsar
65%
64%
ängder
59%
uppå
56%
att
55%
dar,
55%
över
55%
vad
55%
vet
54%
från
53%
jorden.
53%
minnen
53%
Ditt
52%
namn
52%
flög
51%
fornstora
51%
tronar
51%
blir
47%
vänaste
44%
ärat
37%
värna,
33%
en
24%
Sverige,
14%
med
11%
Med
11%
Nej,
11%
mitt
10%
älskade
9%
skall
9%
till
9%
Gud
8%
tjäna
7%
allt
6%
bära.
6%
fana,
6%
hand,
6%
hem
6%
bragderika
5%
döden
5%
håg
5%
högt
5%
kämpa,
5%
kära
5%
rätt,
5%
städs
5%
svära.
5%
trohet
5%
värld
5%
ej,
4%
fosterjorden.
4%
härd,
4%
mot
4%
2.
3%
byter
3%
4.
2%
No matching quizzes found
Score Distribution
Percent of People with Each Score
Percentile by Number Answered
Your Score History
You have not taken this quiz